| 000 | 00698nam a22001457a 4500 | ||
|---|---|---|---|
| 020 | _a0-425-17480-8 | ||
| 082 |
_a823 _bROV/D |
||
| 100 | _aROVIN, JEFF | ||
| 245 |
_aTOM CLANCY'S OP - CENTER _bDIVIDE AND CONQUER |
||
| 260 |
_aNEW YORK _bBERKLEY BOOKS _c2000 |
||
| 300 | _a372 | ||
| 520 | _aRenegade South Korean soldiers set off a bomb in Seoul during a festival and make it look like it was done by North Korea. Op-Center must prove that North Korea had nothing to do with it before the situation gets hostile. To make matters worse, a rogue general plans to launch some nuclear missiles at Tokyo, Japan intending to start a war against North Korea. | ||
| 650 |
_aNOVEL _zUNITED STATES |
||
| 942 | _cBK | ||
| 999 |
_c3837 _d3837 |
||